[Event "CZE-chT2"]
[Site "?"]
[Date "1995.??.??"]
[Round "?"]
[White "Belaska, Premysl"]
[Black "Novotny, Jaroslav"]
[Result "1-0"]
[WhiteElo "2230"]
[BlackElo "2270"]

1.e4 d6 2.d4 Nf6 3.Nc3 c6 4.f4 g6 5.Nf3 Bg7 6.Bd3 Bg4 7.O-O O-O 8.h3 Bxf3
9.Qxf3 e5 10.dxe5 dxe5 11.f5 Nbd7 12.Be3 Nh5 13.Bc4 Qe7 14.a4 Nf4 15.g3 Nh5
16.Rf2 Kh8 17.Ne2 Qb4 18.b3 Qe7 19.c3 Nb6 20.Bd3 Rad8 21.Bc2 Bf6 22.Re1 Bg5
23.g4 Bxe3 24.Qxe3 Nf6 25.Ref1 Nbd7 26.Ng3 Ng8 27.g5 f6 28.h4 fxg5 29.hxg5 Qc5
30.Rf3 Qxe3+ 31.Rxe3 Ne7 32.f6 Nc8 33.b4 Nd6 34.Bb3 Nf7 35.Bxf7 Rxf7 36.Rd3 Rg8
37.Rfd1 Nf8 38.Nf1 Ne6 39.Ne3 Nxg5 40.Ng4 Re8 41.Rd8 Rff8 42.Rxe8 Rxe8 43.Rd7 Nxe4
44.Rxb7 Rf8 45.Rxa7 h5 46.Nxe5 Rxf6 47.c4 h4 48.a5 h3 49.Rf7 Rd6 50.Rd7 Rf6
51.Rd3 Kg7 52.Rxh3 Re6 53.Nf3 Re8 54.Rh2 Rb8 55.Ra2 Rxb4 56.a6 Rb8 57.a7 Ra8
58.Nd4 Nd6 59.Ne6+  1-0

[Event "CZE-chT1 9596"]
[Site "CZE"]
[Date "1995.??.??"]
[Round "?"]
[White "Ptacnikova, Lenka"]
[Black "Hlavnicka, Jiri"]
[Result "0-1"]
[WhiteElo "2185"]
[BlackElo "2210"]

1.e4 d6 2.d4 Nf6 3.Nc3 c6 4.Nf3 Bg4 5.h3 Bxf3 6.Qxf3 e5 7.dxe5 dxe5 8.Bg5 Be7
9.Qf5 Nbd7 10.O-O-O Qc7 11.Be2 Rd8 12.g4 O-O 13.Bxf6 Nxf6 14.g5 g6 15.Qf3 Nh5
16.h4 b5 17.Qe3 Nf4 18.Bg4 Rxd1+ 19.Rxd1 Rd8 20.Rxd8+ Bxd8 21.Ne2 h6 22.Nxf4 exf4
23.Qc5 hxg5 24.h5 Be7 25.Qd4 gxh5 26.Bxh5 c5 27.Qd5 Bf6 28.f3 Kf8 29.Qa8+ Kg7
30.Qe8 b4 31.e5 Bxe5 32.b3 Bf6 33.Kd2 Qd6+ 34.Kc1 Qe7 35.Qxe7 Bxe7 36.Kd2 f5
37.Kd3 Kh6 38.Bf7 g4 39.fxg4 fxg4 40.Ke4 Kg5  0-1

[Event "Dhaka"]
[Site "Dhaka"]
[Date "1995.??.??"]
[Round "1"]
[White "Handoko, Edhi"]
[Black "Koshy, Varugeese"]
[Result "1-0"]
[WhiteElo "2500"]
[BlackElo "2405"]

1.e4 d6 2.d4 Nf6 3.Nc3 e5 4.Nf3 Nbd7 5.Be2 Be7 6.O-O O-O 7.h3 c6 8.a4 b6
9.Re1 Bb7 10.Bf1 a6 11.Bg5 h6 12.Bh4 b5 13.Bg3 Qc7 14.Qd2 Rfe8 15.axb5 axb5
16.Rxa8 Bxa8 17.Nd1 Bf8 18.Bd3 Qb6 19.c3 exd4 20.cxd4 c5 21.e5 Nh5 22.Bf5 Nxg3
23.fxg3 Re7 24.e6 Nf6 25.exf7+ Kxf7 26.Rxe7+ Bxe7 27.Qe3 Bxf3 28.Qe6+ Ke8
29.gxf3 cxd4 30.Qc8+ Bd8 31.Nf2 d5 32.Kg2 Kf7 33.Nd3 Bc7 34.f4 g6 35.Bd7 Ke7
36.Bxb5 Bxf4 37.Nxf4  1-0

[Event "Dhaka"]
[Site "Dhaka"]
[Date "1995.??.??"]
[Round "11"]
[White "Rahman, Zillur"]
[Black "Murshed, Niaz"]
[Result "0-1"]
[WhiteElo "2320"]
[BlackElo "2520"]

1.e4 d6 2.d4 Nf6 3.Nc3 Nbd7 4.f4 e5 5.Nf3 exd4 6.Qxd4 c6 7.Bc4 d5 8.exd5 Bc5
9.Qd3 Qe7+ 10.Kf1 O-O 11.Bd2 Nb6 12.Re1 Qc7 13.dxc6 bxc6 14.Ne4 Nxe4 15.Qxe4 Nxc4
16.Qxc4 Qb6 17.Qb3 Qa6+ 18.c4 Be6 19.Rxe6 fxe6 20.Ng5 Be7 21.Nxe6 Rfb8 22.Qd3 Rxb2
23.Bc3 Qxa2 24.Bxb2 Qxb2 25.g3 a5 26.Qd4 Rb8 27.Qe4 Qa2  0-1

[Event "Dresden op"]
[Site "Dresden"]
[Date "1995.??.??"]
[Round "?"]
[White "Chernyshov, Konstantin"]
[Black "Maiwald, Jens Uwe"]
[Result "1-0"]
[WhiteElo "2505"]
[BlackElo "2485"]

1.e4 d6 2.d4 Nf6 3.Nc3 c6 4.Nf3 Bg4 5.h3 Bh5 6.Bd3 e6 7.Qe2 d5 8.exd5 Bxf3
9.Qxf3 cxd5 10.O-O Nc6 11.Ne2 Be7 12.c3 O-O 13.Bf4 a6 14.Ng3 b5 15.a3 Na5
16.Qe2 Bd6 17.Bxd6 Qxd6 18.f4 Nc4 19.Rf3 Rfe8 20.Raf1 Rac8 21.R1f2 Qb6 22.Nf1 a5
23.g4 Nd6 24.Ng3 b4 25.axb4 axb4 26.g5 Nd7 27.Re3 g6 28.Qe1 bxc3 29.bxc3 Qc6
30.Bf1 Nb6 31.h4 Nf5 32.Nxf5 exf5 33.Rfe2 Rxe3 34.Rxe3 Na4 35.Re7 Nxc3 36.Qe5 Ne4
37.h5 gxh5 38.Qxf5 Nd6 39.Qf6 Ra8 40.Rxf7  1-0

[Event "Dresden op"]
[Site "Dresden"]
[Date "1995.??.??"]
[Round "?"]
[White "Lutz, Christopher"]
[Black "Kalinitschew, Sergey"]
[Result "1/2-1/2"]
[WhiteElo "2575"]
[BlackElo "2470"]

1.e4 d6 2.d4 Nf6 3.Nc3 e5 4.Nf3 exd4 5.Nxd4 Be7 6.Be2 O-O 7.O-O Re8 8.f4 Bf8
9.Bf3 a5 10.a4 c6 11.Re1 Na6 12.b3 Nb4 13.Bb2 d5 14.e5 Bc5 15.Nb1 Bf5 16.Na3 Qb6
17.Kh1 Bd3 18.Nxc6 Ne4 19.Bxe4 Bxe4 20.Nd4 f6 21.exf6 Qxf6 22.Qd2 Re7 23.Bc3 Rf8
24.f5 Qh4 25.Nab5 Nc6 26.Rf1 Nxd4 27.Bxd4 Bxd4 28.Nxd4 Rf6  1/2-1/2

[Event "RUS-ch"]
[Site "Elista"]
[Date "1995.??.??"]
[Round "1"]
[White "Kholmov, Ratmir D"]
[Black "Rashkovsky, Nukhim N"]
[Result "1/2-1/2"]
[WhiteElo "2445"]
[BlackElo "2560"]

1.e4 d6 2.d4 Nf6 3.Nc3 c6 4.Nf3 Bg4 5.Be2 e6 6.O-O Be7 7.e5 dxe5 8.Nxe5 Bxe2
9.Nxe2 Nbd7 10.Nf3 O-O 11.c4 b5 12.cxb5 cxb5 13.a4 b4 14.Bf4 Qa5 15.Qd3 Rfc8
16.Rfd1 Qd5 17.Bg3 Nb6 18.Nf4 Qe4 19.b3 Qxd3 20.Nxd3 Rc3 21.Rab1 Rac8 22.Bh4 Bd6
23.Bxf6 gxf6 24.Kf1 Kf8 25.g3 Ke7 26.Ng1 Nd5 27.Ne1 R3c7 28.Ne2 Nc3 29.Nxc3 Rxc3
30.Ng2 f5  1/2-1/2

[Event "RUS-ch"]
[Site "Elista"]
[Date "1995.??.??"]
[Round "6"]
[White "Korneev, Oleg"]
[Black "Panchenko, Alexander N"]
[Result "1-0"]
[WhiteElo "2605"]
[BlackElo "2460"]

1.e4 d6 2.d4 Nf6 3.Nc3 e5 4.Nf3 Nbd7 5.Bc4 Be7 6.O-O O-O 7.Re1 c6 8.a4 b6
9.d5 cxd5 10.Nxd5 Nxd5 11.Bxd5 Rb8 12.Qd3 Nf6 13.Bb3 h6 14.Bd2 Bb7 15.Rad1 d5
16.Nxe5 Nxe4 17.Bf4 Bg5 18.Bxg5 Qxg5 19.Nf3 Qf4 20.Qe3 Qxe3 21.Rxe3 Nc5 22.Nd4 Rfe8
23.Rxe8+ Rxe8 24.f3 a6 25.Kf2 g6 26.a5 bxa5 27.Ra1 Rc8 28.Rxa5 Nxb3 29.cxb3 Rc1
30.Ke3 Kg7 31.b4 Rb1 32.b3 Re1+ 33.Kd3 Rd1+ 34.Kc3 Rc1+ 35.Kd3 Rd1+ 36.Ke3 Re1+
37.Kd2 Rg1 38.Rc5 Rxg2+ 39.Ke3 Rxh2 40.Rc7 h5 41.Rxb7 h4 42.Kf4 Rg2 43.Ne6+ Kg8
44.Rb8+ Kh7 45.Ng5+ Kg7 46.Rb7 Kg8 47.Rb8+ Kg7 48.Rb7 Kg8 49.Nxf7 h3 50.Ke5 Rf2
51.Ng5 h2 52.Kf6  1-0

[Event "St Peter's De Beauvoir"]
[Site "ENG"]
[Date "1995.??.??"]
[Round "?"]
[White "Baker, Chris W"]
[Black "Summerscale, Aaron"]
[Result "1-0"]
[WhiteElo "2260"]
[BlackElo "2435"]

1.e4 d6 2.d4 Nf6 3.Nc3 c6 4.Nf3 Bg4 5.h3 Bh5 6.Be2 e6 7.O-O d5 8.Bg5 Be7
9.exd5 cxd5 10.g4 Bg6 11.Ne5 Nfd7 12.Bxe7 Qxe7 13.f4 Nxe5 14.dxe5 Nc6 15.Rf2 Rd8
16.Qd2 Qc5 17.b4 Qd4 18.Qxd4 Nxd4 19.Nb5 Nxe2+ 20.Rxe2 Ke7 21.Nd6 Rd7 22.f5 exf5
23.gxf5 Bh5 24.Rg2 g6 25.Nxf7 gxf5 26.Nxh8  1-0

[Event "NLD-ch sf"]
[Site "Enschede"]
[Date "1995.??.??"]
[Round "9"]
[White "Van der Poel, Henk"]
[Black "Hartoch, Robert G"]
[Result "1/2-1/2"]
[WhiteElo "2355"]
[BlackElo "2340"]

1.e4 d6 2.d4 Nf6 3.Nc3 e5 4.dxe5 dxe5 5.Qxd8+ Kxd8 6.Bc4 Be6 7.Bxe6 fxe6
8.Nf3 Bd6 9.Be3 Ke7 10.O-O-O Nc6  1/2-1/2

[Event "FIN-ch-B"]
[Site "FIN"]
[Date "1995.??.??"]
[Round "?"]
[White "Sammalvuo, Tapani"]
[Black "Jouhki, Yrjo Markus"]
[Result "1/2-1/2"]
[WhiteElo "2390"]
[BlackElo "2215"]

1.e4 d6 2.d4 Nf6 3.Nc3 e5 4.Nf3 Nbd7 5.Bc4 Be7 6.O-O O-O 7.Re1 c6 8.a4 a5
9.Be3 Ng4 10.Bd2 exd4 11.Nxd4 Nde5 12.Bb3  1/2-1/2

[Event "Finkenstein op"]
[Site "Finkenstein"]
[Date "1995.??.??"]
[Round "3"]
[White "Keller, M."]
[Black "Stichlberger, Martin"]
[Result "1-0"]
[WhiteElo "2235"]
[BlackElo "2065"]

1.d4 Nf6 2.Nc3 d6 3.e4 c6 4.f4 Qa5 5.Bd3 e5 6.Nf3 Bg4 7.Be3 Nbd7 8.Qd2 Be7
9.O-O Bxf3 10.gxf3 Nh5 11.f5 Bf6 12.d5 Nf4 13.b4 Qd8 14.dxc6 bxc6 15.Rad1 g5
16.Ba6 Be7 17.Bb7 O-O 18.Bxa8 Qxa8 19.Kh1 Nb6 20.Bxb6 axb6 21.Ne2 Nh5 22.Rg1 Kh8
23.Rxg5 Qa3 24.c3 Bxg5 25.Qxg5 Qxa2 26.Nc1 Qf2 27.Qxh5 Rg8 28.Qh3 d5 29.Qf1 Qc2
30.exd5 cxd5 31.Qe2 Qxf5 32.Rxd5 f6 33.Rd1 Qf4 34.Nd3 Qc4 35.Rg1 Rxg1+ 36.Kxg1 Qxc3
37.Kf2 Qd4+ 38.Qe3 Qh4+ 39.Kg2 Qc4 40.Qe4 Qc2+ 41.Nf2 Qc7 42.Ng4 Kg7 43.Ne3 Qc1
44.Qg4+ Kf8 45.Nf5 Qd2+ 46.Kh3 Kf7 47.Qg7+ Ke6 48.Qg8+ Kd7 49.Qf7+ Kc6 50.Qxf6+ Kb7
51.b5 Kc8 52.Qc6+  1-0

[Event "Finkenstein op"]
[Site "Finkenstein"]
[Date "1995.??.??"]
[Round "4"]
[White "Schein, Karl Heinz"]
[Black "Haeusler, Kurt"]
[Result "0-1"]
[WhiteElo "2185"]
[BlackElo "1865"]

1.e4 d6 2.d4 Nf6 3.Nc3 c6 4.Bg5 Qa5 5.Qd2 h6 6.Bxf6 exf6 7.O-O-O g6 8.f4 b5
9.Kb1 Bg7 10.Bd3 b4 11.Nce2 Ba6 12.Nf3 Bxd3 13.Qxd3 Qa6 14.Qe3 O-O 15.f5 Re8
16.fxg6 fxg6 17.Ng3 d5 18.Qf4 Nd7 19.Rhe1 Qb7 20.h4 h5 21.Nh1 Qb8 22.Qxb8 Raxb8
23.Nf2 Rbd8 24.exd5 cxd5 25.Nd3 a5 26.Nf4 Kf7 27.Nxd5 Rxe1 28.Rxe1 Ne5 29.dxe5 Rxd5
30.e6+ Ke7 31.c3 bxc3 32.bxc3 f5 33.c4 Rc5 34.Nd2 Bc3 35.Nb3 Rxc4 36.Rc1 a4
37.Nd2 Rb4+ 38.Kc2 Bxd2 39.Kxd2 Rb2+ 40.Rc2 Rxc2+ 41.Kxc2 Kxe6 42.Kc3 f4
43.Kb4 g5 44.hxg5 h4 45.Kxa4 h3 46.gxh3 f3 47.Kb5 f2 48.a4  0-1

[Event "Foment op"]
[Site "Foment"]
[Date "1995.??.??"]
[Round "3"]
[White "De la Riva Aguado, Oscar"]
[Black "Garcia Carbo, Marcial"]
[Result "1-0"]
[WhiteElo "2430"]
[BlackElo "2320"]

1.e4 d6 2.d4 Nf6 3.Nc3 e5 4.Nf3 exd4 5.Nxd4 Be7 6.g3 d5 7.e5 Ne4 8.Nxe4 dxe4
9.e6 fxe6 10.Bc4 Nc6 11.Qh5+ g6 12.Nxc6 gxh5 13.Nxd8 Bxd8 14.O-O a6 15.a4 Bd7
16.Re1 Bf6 17.Rxe4 O-O-O 18.c3 e5 19.Bh6 Bc6 20.Ree1 Rd6 21.h4 Rhd8 22.Be3 b5
23.axb5 axb5 24.Bf1 Rh8 25.Ra6 Bd7 26.Ra8+ Kb7 27.Ra7+ Kb8 28.Rea1 Bc6 29.R7a6 Bb7
30.Ba7+ Kc8 31.Bh3+ Kd8 32.Rxd6+ cxd6 33.Bb6+ Ke8 34.Ra7 Bc6 35.Be6  1-0

[Event "Foment op"]
[Site "Foment"]
[Date "1995.??.??"]
[Round "5"]
[White "Dimitrov, Vladimir"]
[Black "Garcia Carbo, Marcial"]
[Result "1-0"]
[WhiteElo "2520"]
[BlackElo "2320"]

1.e4 d6 2.d4 Nf6 3.Nc3 e5 4.dxe5 dxe5 5.Qxd8+ Kxd8 6.Bc4 Be6 7.Bxe6 fxe6
8.Be3 Bd6 9.f3 a6 10.Nh3 Ke7 11.Nf2 Nc6 12.O-O-O Na5 13.b3 b6 14.Na4 Nd7
15.c3 b5 16.Nb2 h6 17.Rd2 Nb7 18.Rhd1 a5 19.Nfd3 a4 20.bxa4 bxa4 21.Nc4 Na5
22.Nxa5 Rxa5 23.Kc2 Rb8 24.Rb1 Rxb1 25.Kxb1 Nb6 26.Bxb6 cxb6 27.c4 Ra8 28.Kc2 Rc8
29.Kc3 g5 30.Rb2 Rc6 31.Rb5 Kf6 32.Nb2 a3 33.Na4 Bc7 34.Rb3 h5 35.h3 Bd8
36.g4 hxg4 37.hxg4 Bc7 38.Kb4 Bd6+ 39.Kb5 Rc8 40.Rc3 Ke7 41.Kxb6 Rb8+ 42.Kc6 Bb4
43.Rb3 Rc8+ 44.Kb5 Bd2 45.Nb6  1-0

[Event "Formia op"]
[Site "Formia"]
[Date "1995.??.??"]
[Round "?"]
[White "Borgo, Giulio"]
[Black "De Santis, Alessio"]
[Result "0-1"]
[WhiteElo "2345"]
[BlackElo "2270"]

1.e4 d6 2.d4 Nf6 3.Nc3 c6 4.Nf3 Bg4 5.Be2 e6 6.Bg5 Be7 7.Qd2 d5 8.e5 Nfd7
9.Bxe7 Qxe7 10.Ng1 Bxe2 11.Ngxe2 a6 12.f4 g6 13.O-O-O b5 14.g4 Nb6 15.Rdf1 Nc4
16.Qd3 Nd7 17.Nd1 a5 18.Rf2 a4 19.Kb1 c5 20.h4 cxd4 21.Qxd4 O-O 22.g5 Rfc8
23.h5 b4 24.Nc1 Nf8 25.Rfh2 b3 26.cxb3 axb3 27.axb3 Qb4 28.Qd3 Na5 29.Nc3 Nxb3
30.Nxb3 Qxb3 31.hxg6 fxg6 32.Rxh7 Rab8 33.R7h2 Rxc3 34.Qa6 Qb6 35.Qa4 Rc4
36.Qd1 Qb3 37.Qd2 Ra8 38.Rh8+ Kg7 39.R1h7+ Nxh7 40.Rxa8 Rc7 41.Ra3 Qc4 42.Qa5 Rf7
43.Qb6 Nxg5  0-1

[Event "Formia op"]
[Site "Formia"]
[Date "1995.??.??"]
[Round "?"]
[White "Bellia, Fabrizio"]
[Black "Klinova, Masha"]
[Result "1-0"]
[WhiteElo "2300"]
[BlackElo "2275"]

1.e4 d6 2.d4 Nf6 3.Nc3 c6 4.Nf3 Bg4 5.Be2 e6 6.Be3 d5 7.e5 Nfd7 8.Ng1 Bxe2
9.Ngxe2 c5 10.f4 Nc6 11.O-O Be7 12.Kh1 g6 13.g4 cxd4 14.Nxd4 Nxd4 15.Bxd4 a6
16.f5 Bc5 17.fxe6 fxe6 18.Nxd5 Qa5 19.Bc3 Qd8 20.Qf3 Rf8 21.Nf6+ Nxf6 22.exf6 Qd5
23.Rad1 Qxf3+ 24.Rxf3 Rc8 25.f7+ Rxf7 26.Rxf7 Kxf7 27.Rd7+ Ke8 28.Rxh7 Be7
29.Rh8+ Kd7 30.Rxc8 Kxc8 31.Kg2 Kd7 32.Kf3 Bh4 33.Kf4 Kd6 34.g5 Bf2 35.Kg4 e5
36.h4 Ke6 37.h5 gxh5+ 38.Kxh5 Bc5 39.g6 Bf8 40.Kg5 Bg7 41.b3 b5 42.a3 Bf8
43.Bb2 Bg7 44.c4 bxc4 45.bxc4 Bf8 46.a4 Bg7 47.a5 Bf8 48.Bc3 Bg7 49.c5 Kd5
50.Kf5 Kxc5 51.Bxe5 Bh6 52.Ke6 Kb5 53.Kf7 Kxa5 54.Bg7  1-0

[Event "Formia op"]
[Site "Formia"]
[Date "1995.??.??"]
[Round "?"]
[White "Klinova, Masha"]
[Black "De Santis, Alessio"]
[Result "1-0"]
[WhiteElo "2275"]
[BlackElo "2270"]

1.e4 d6 2.d4 Nf6 3.Nc3 c6 4.f4 Qa5 5.Bd3 e5 6.Nf3 Bg4 7.dxe5 dxe5 8.h3 Bxf3
9.Qxf3 Nbd7 10.a3 Bd6 11.f5 b5 12.Bd2 Qc7 13.O-O a6 14.g4 h6 15.Ne2 Nb6 16.Rac1 Nfd7
17.Kh1 Be7 18.c4 Qb7 19.b4 O-O 20.c5 Na4 21.Rc2 Rfd8 22.Rg1 Ndxc5 23.bxc5 Nxc5
24.Nc1 f6 25.Bb4 Nxd3 26.Nxd3 a5 27.Bxe7 Qxe7 28.Nc5 a4 29.h4 Rd6 30.Ne6 g5
31.Rh2 Qd7 32.hxg5 Rd3 33.Qe2 Rxa3 34.gxf6 Qd3 35.Qxd3 Rxd3 36.g5 a3 37.g6 Ra7
38.f7+  1-0

[Event "Formia op"]
[Site "Formia"]
[Date "1995.??.??"]
[Round "?"]
[White "Nurkic, Sahbaz"]
[Black "De Santis, Alessio"]
[Result "1/2-1/2"]
[WhiteElo "2450"]
[BlackElo "2270"]

1.e4 d6 2.d4 Nf6 3.Nc3 c6 4.f4 Qa5 5.e5 Ne4 6.Qf3 d5 7.Bd3 Na6 8.Ne2 g6 9.O-O Nxc3
10.bxc3 e6 11.g4 h5 12.h3 hxg4 13.hxg4 Bd7 14.Bd2 c5 15.f5 c4 16.fxg6 O-O-O
17.Qxf7 cxd3 18.Ng3 dxc2 19.Nh5 Nc5 20.dxc5 Qxc5+ 21.Rf2 d4 22.Rc1 d3 23.Re1 Bh6
24.g5 Bxg5 25.Bxg5 Rxh5 26.Qf6 Re8 27.Kg2 Bc6+ 28.Kg3 Rxg5+ 29.Qxg5 Qxc3
30.Qd2 Qxd2 31.Rxd2 Be4 32.g7 Rg8 33.Kf4 Bg6 34.Rg2 Rxg7 35.Ke3 Rd7 36.Kd2 Bf5
37.Reg1 Kc7 38.Rg7 a6 39.a4 Rxg7 40.Rxg7+ Kc6 41.a5 b6 42.axb6 Kxb6 43.Rg8 Kc5
44.Rd8 a5 45.Ra8 Kb4 46.Rb8+ Kc5 47.Ra8 Kb4 48.Rb8+ Kc4 49.Ra8 Kb4 50.Rb8+ Ka3
51.Rb6 a4 52.Kc1 Ka2 53.Rb2+ Ka1 54.Rb4 a3 55.Rb3 Ka2 56.Rb6 Be4 57.Rxe6 Bd5
58.Rb6 Bb3 59.Rd6 Bc4 60.Rb6 Bb3 61.Rd6 Bc4  1/2-1/2

[Event "FRA-chT"]
[Site "FRA"]
[Date "1995.??.??"]
[Round "?"]
[White "Marciano, David"]
[Black "Stranjakovitch, Jean"]
[Result "0-1"]
[WhiteElo "2430"]
[BlackElo "2235"]

1.e4 d6 2.d4 Nf6 3.Nc3 c6 4.f4 Qa5 5.e5 Ne4 6.Bd2 Nxd2 7.Qxd2 d5 8.Bd3 e6
9.Nf3 c5 10.dxc5 Bxc5 11.Nb5 Qb6 12.b4 Be3 13.Qc3 Nc6 14.Nd6+ Ke7 15.b5 Nd4
16.Ng5 f6 17.Ngf7 Rf8 18.Qa3 Kd7 19.c3 Nf5 20.exf6 Nxd6 21.Ne5+ Kc7 22.fxg7 Rg8
23.c4 Rxg7 24.cxd5 exd5 25.Qc3+ Qc5 26.Qb2 Bxf4 27.Be2 Rxg2 28.Rf1 Be3 29.Nd3 Qb6
30.Nb4 Be6 31.Rf3 Nc4 32.Qf6 Bd2+ 33.Kd1 Bxb4 34.Rc1 Rd8 35.Qe5+ Rd6 36.Qh8 Rd7
37.a4 Qa5 38.Qe5+ Rd6 39.Qa1 Bc5 40.Qa2 Qb4 41.Rb1 Rg1+  0-1

[Event "Frydek-Mistek op-B"]
[Site "Frydek-Mistek"]
[Date "1995.??.??"]
[Round "?"]
[White "Prochownik, Franciszek"]
[Black "Horvath"]
[Result "0-1"]
[WhiteElo "2285"]
[BlackElo "2195"]

1.e4 d6 2.d4 Nf6 3.Nc3 c6 4.g3 Nbd7 5.Bg2 e5 6.Nge2 Be7 7.O-O O-O 8.h3 Re8
9.Kh2 Bf8 10.a4 a5 11.f4 exd4 12.Nxd4 Qc7 13.Re1 Nc5 14.b3 Bd7 15.Bb2 Rad8
16.Qf3 Bc8 17.Re3 Re7 18.Rae1 Rde8 19.Ba3 Nfd7 20.Qd1 Nb6 21.Qd2 Rd7 22.Bb2 Rdd8
23.Nd1 Na8 24.Nf2 Bd7 25.Qc3 b5 26.axb5 cxb5 27.Qd2 a4 28.Ng4 h5 29.Nf2 Rb8
30.Qe2 g6 31.f5 Bg7 32.Nd3 Nxd3 33.Qxd3 Rec8 34.fxg6 fxg6 35.e5 dxe5 36.Qxg6 Rb6
37.Bd5+ Kh8 38.Ne6 Qxc2+ 39.Qxc2 Rxc2+ 40.R3e2 Rxe2+ 41.Rxe2 Bxe6 42.Bxa8 Bxb3
43.Be4 Rb8 44.Rd2  0-1

[Event "Gausdal Int"]
[Site "Gausdal"]
[Date "1995.??.??"]
[Round "6"]
[White "Kotronias, Vasilios"]
[Black "Jansa, Vlastimil"]
[Result "1-0"]
[WhiteElo "2570"]
[BlackElo "2525"]

1.e4 d6 2.d4 Nf6 3.Nc3 e5 4.f4 exd4 5.Qxd4 Nc6 6.Bb5 Bd7 7.Qf2 g6 8.Nf3 Bg7
9.Bd2 O-O 10.O-O-O a6 11.Bxc6 Bxc6 12.Rhe1 Re8 13.e5 Ng4 14.Qg3 Nh6 15.Ne4 Nf5
16.Qf2 Bxe4 17.Rxe4 dxe5 18.Bc3 Nd6 19.Rxe5 Qd7 20.Qd4 Qc6 21.Rxe8+ Nxe8
22.Ne5 Qxg2 23.Qd7 Bxe5 24.fxe5 Qc6 25.Qxc6 bxc6 26.Rd7 Rc8 27.e6 fxe6 28.h4 Rb8
29.Re7 Kf8 30.Rxh7 Rb5 31.Rd7 Rh5 32.Rd4 Nd6 33.Ra4 Ke7 34.Be1 Re5 35.Bd2 Re2
36.Kd1 Rh2 37.Rxa6 Nc4 38.Bg5+ Kd7 39.Ra8 e5 40.b3 Nd6 41.Rd8+ Ke6 42.Kc1 Rh1+
43.Kb2 Nf7 44.Re8+ Kd5 45.a4 Nxg5 46.hxg5 c5 47.a5 c6 48.a6 Rh7 49.Rd8+ Ke4
50.Rd6 Rc7 51.Kc3 Kf5 52.Kc4 e4 53.Kxc5 e3 54.Rd1 Kxg5 55.Kb6 Rc8 56.Kb7 Re8
57.a7 Kf4 58.a8=Q Rxa8 59.Kxa8 e2 60.Ra1 Ke3 61.b4  1-0

[Event "Gausdal Int"]
[Site "Gausdal"]
[Date "1995.??.??"]
[Round "7"]
[White "Reefschlaeger, Helmut"]
[Black "Jansa, Vlastimil"]
[Result "0-1"]
[WhiteElo "2375"]
[BlackElo "2525"]

1.e4 d6 2.d4 Nf6 3.Nc3 Nbd7 4.g3 e5 5.Nge2 b5 6.Bg2 c6 7.a3 Bb7 8.O-O Be7
9.h3 a5 10.g4 b4 11.Nb1 O-O 12.c3 d5 13.exd5 Nxd5 14.Nd2 bxa3 15.bxa3 exd4
16.cxd4 Ba6 17.Re1 Re8 18.Ne4 Nf8 19.Nf4 Bc4 20.Qc2 Nxf4 21.Bxf4 Bd5 22.Be3 Ng6
23.f4 Nh4 24.Bh1 f5 25.Nc3 Bxh1 26.Kxh1 Nf3 27.Red1 fxg4 28.hxg4 Bb4 29.Bf2 Bxc3
30.Qxc3 Qd5 31.Qc5 Qe4 32.Qf5 Qe2 33.Bg3 Nd2 34.Rg1 Qf3+ 35.Rg2 Re2 36.Rg1 Nf1
37.Bh2 Rxg2 38.Rxg2 Qxg2+  0-1

[Event "Geneve op"]
[Site "Geneve"]
[Date "1995.??.??"]
[Round "7"]
[White "Touzane, Olivier"]
[Black "Ekstroem, Roland"]
[Result "1/2-1/2"]
[WhiteElo "2310"]
[BlackElo "2430"]

1.d4 d6 2.e4 Nf6 3.Nc3 e5 4.Nf3 exd4 5.Nxd4 Be7 6.Be2 O-O 7.O-O Nc6 8.Nxc6 bxc6
9.f4 Nd7 10.Bf3 Rb8 11.Rb1 Bf6 12.Be3 Ba6 13.Re1 Rxb2 14.Rxb2 Bxc3 15.Rb3 Bxe1
16.Qxe1 Nb6 17.Ra3 Qc8 18.Qa5 Bb7 19.Qxa7 c5 20.Bf2 Re8 21.e5 Bxf3 22.Rxf3 Qd7
23.exd6 Qxd6 24.h3 h6 25.Qa5 c4 26.Qc5 Qd1+ 27.Kh2 Qxc2 28.Bd4 Qe4 29.Ba1 Nd5
30.Rg3 f6 31.Qc6 c3 32.Bxc3 Nxc3 33.Qxc7 Re7 34.Qxc3 Qxf4 35.Kg1 Qe5 36.Qb3+ Kh7
37.Qd3+  1/2-1/2

[Event "BL9495 (Women)"]
[Site "Germany"]
[Date "1995.??.??"]
[Round "203"]
[White "Heyme, Sibylle"]
[Black "Barthel, Bergit"]
[Result "1/2-1/2"]
[WhiteElo "2120"]
[BlackElo "2080"]

1.e4 d6 2.d4 Nf6 3.Nc3 c6 4.f3 Nbd7 5.Bc4 e5 6.Nge2 b5 7.Bb3 Qb6 8.Be3 a5
9.Qd2 Qb8 10.a3 Be7 11.g4 Nb6 12.O-O O-O 13.Ng3 Be6 14.g5 Nfd7 15.Nf5 Re8
16.Nxe7+ Rxe7 17.f4 exd4 18.Bxd4 b4 19.axb4 axb4 20.Rxa8 Nxa8 21.Nd5 cxd5
22.f5 dxe4 23.fxe6 fxe6 24.Qf4 d5 25.Qh4 Qe8 26.Ba4 Rf7 27.Ra1 Qf8 28.Qg4 Nc5
29.Bc6 Nb6 30.c3 bxc3 31.bxc3 Qd6 32.Bb5 Rf4 33.Qh5 g6 34.Qh6 e5 35.Ra7 Ncd7
36.Bxd7 Nxd7 37.Bxe5 Qc5+ 38.Bd4 Qe7 39.Ra8+ Nf8 40.Ra7 Rg4+ 41.Kh1 Nd7 42.Ra8+ Nf8
43.Ra7 Nd7 44.Bf6 Qf7 45.Ra8+ Nf8 46.Qh3 h5 47.gxh6 Qxf6 48.h7+ Kh8 49.Qxg4 Qf1+
50.Qg1 Qf3+  1/2-1/2

[Event "BL2-O9495"]
[Site "Germany"]
[Date "1995.??.??"]
[Round "?"]
[White "Niedermaier, Hans"]
[Black "Pribyl, Martin"]
[Result "0-1"]
[WhiteElo "2200"]
[BlackElo "2360"]

1.e4 d6 2.d4 Nf6 3.Nc3 c6 4.f4 Qa5 5.Bd3 e5 6.Nf3 Bg4 7.fxe5 dxe5 8.dxe5 Nfd7
9.Bf4 Bb4 10.Qd2 Bxf3 11.gxf3 Nxe5 12.Bxe5 Qxe5 13.f4 Qd4 14.O-O-O Nd7 15.Bc4 Qxd2+
16.Rxd2 Nb6 17.Bb3 a5 18.a3 Be7 19.e5 O-O 20.Ne4 Rfd8 21.Rhd1 Rxd2 22.Rxd2 Kf8
23.f5 a4 24.Ba2 Re8 25.Kd1 Bh4 26.e6 fxe6 27.fxe6 Nd5 28.Bxd5 cxd5 29.Rxd5 Rxe6
30.Nc5 Re1+ 31.Kd2 Rh1 32.Nxb7 Rxh2+ 33.Kd3 Bf6 34.b3 g5 35.bxa4 Rh3+ 36.Kc4 Rxa3
37.a5 g4 38.Kb4 Ra1 39.Nc5 g3 40.Rd2 h5 41.Nb3 Re1 42.a6 h4 43.Rg2 Re8 44.Nc5 Be7
45.Kb5 Bd6 46.a7 h3 47.Re2 Ra8  0-1

[Event "Oberliga Nord N9495"]
[Site "Germany"]
[Date "1995.??.??"]
[Round "?"]
[White "Heinsohn, Wilfried"]
[Black "Mordhorst, Henning"]
[Result "1/2-1/2"]
[WhiteElo "2210"]
[BlackElo "2310"]

1.e4 d6 2.d4 Nf6 3.Nc3 c6 4.Nf3 Nbd7 5.Be2 e5 6.O-O Be7 7.Re1 O-O 8.a4 Qc7
9.a5 Rd8 10.Bc4 Nf8 11.Qe2 Bg4 12.d5 Rac8 13.Be3 Qb8 14.h3 Bh5 15.g4 Bg6
16.Nd2 cxd5 17.Bxd5 Ne6 18.Nb3 Nc5 19.f3 Rc7 20.Red1 Rdc8 21.Nxc5 dxc5 22.Bc4 Rd8
23.h4 h5 24.g5 Ne8 25.f4 exf4 26.Bxf4 Bd6 27.e5 Re7 28.Qh2 Bc7 29.Rxd8 Qxd8
30.Nd5 Rd7 31.Nxc7 Rd1+ 32.Rxd1 Qxd1+ 33.Bf1 Nxc7 34.Qe2 Qd4+ 35.Qe3 Bxc2
36.Qxd4 cxd4 37.Be2 Ne6 38.Bd2 Nc5 39.Kf2 Bg6 40.Bb4 b6 41.axb6 axb6 42.Bc4 Kf8
43.Ke2 Ke7 44.Be1 Bf5 45.Bf2 Bg4+ 46.Ke1 Be6 47.Be2 g6 48.Bxd4 Bb3 49.Kd2 Ke6
50.Kc3 Bd5  1/2-1/2

[Event "BL9495 (Women)"]
[Site "Germany"]
[Date "1995.??.??"]
[Round "202"]
[White "Dabrowska, Krystyna"]
[Black "Richtrova, Eliska"]
[Result "1-0"]
[WhiteElo "2255"]
[BlackElo "2370"]

1.e4 d6 2.d4 Nf6 3.Nc3 c6 4.f4 Qa5 5.Bd2 Qb6 6.Nf3 Bg4 7.e5 Nd5 8.exd6 Qxb2
9.Nxd5 cxd5 10.Rb1 Qa3 11.Rxb7 Qxd6 12.Bb5+ Bd7 13.Qb1 a6 14.Bxd7+ Nxd7 15.Ne5 Nxe5
16.fxe5 Qc6 17.Rb8+ Rxb8 18.Qxb8+ Kd7 19.O-O Ke6 20.Rb1 Kf5 21.e6 h6 22.c3 Qd6
23.Qe8 Qxe6 24.Re1 Qg6 25.Rf1+ Ke4 26.Rxf7 Qg4 27.Rf3 Qxf3 28.gxf3+ Kxf3
29.Qf7+ Ke2 30.Qf2+ Kd3 31.Qe3+ Kc2 32.c4 e5 33.Qc3+ Kd1 34.Bc1 Bb4 35.Qxb4 Kxc1
36.cxd5 exd4 37.Qxd4 Rd8 38.d6 g5 39.d7  1-0

[Event "Landesliga N9596 Bayern"]
[Site "Germany"]
[Date "1995.??.??"]
[Round "?"]
[White "Appel, Helmut"]
[Black "Stierhof, Michael"]
[Result "1-0"]
[WhiteElo "2030"]
[BlackElo "2000"]

1.e4 d6 2.d4 Nf6 3.Nc3 c6 4.f4 Qa5 5.Bd3 e5 6.Ne2 Bg4 7.Be3 Nbd7 8.O-O Be7
9.Qe1 Bxe2 10.Bxe2 Bd8 11.Kh1 O-O 12.a3 Re8 13.dxe5 dxe5 14.f5 Qc7 15.g4 h6
16.Rg1 Nh7 17.h4 f6 18.Bc4+ Kf8 19.Rd1 Nb6 20.Be6 Be7 21.Qe2 Red8 22.g5 fxg5
23.Qh5 Bd6 24.Qg6 Qe7 25.Qxh7 Qf6 26.hxg5  1-0

[Event "NRW-Liga I 9495"]
[Site "Germany"]
[Date "1995.??.??"]
[Round "?"]
[White "Haskamp, Stephan"]
[Black "Scho, Christian"]
[Result "1-0"]
[WhiteElo "2260"]
[BlackElo "2140"]

1.e4 d6 2.d4 Nf6 3.Nc3 c6 4.Be2 Qa5 5.Bd2 Qb6 6.Nf3 Bg4 7.e5 Nd5 8.exd6 exd6
9.Ng5 Nxc3 10.Bxc3 Bf5 11.Bg4 Qb5 12.a4 Qd5 13.Qe2+ Be7 14.Bf3 Bd3 15.Qxe7+  1-0

[Event "Oberliga Ost C9495"]
[Site "Germany"]
[Date "1995.??.??"]
[Round "?"]
[White "Pioch, Thomas"]
[Black "Stadtmueller, Harald"]
[Result "1/2-1/2"]
[WhiteElo "2220"]
[BlackElo "2210"]

1.e4 d6 2.d4 Nf6 3.Nc3 c6 4.Nf3 Bg4 5.Be2 e6 6.O-O d5 7.exd5 cxd5 8.Ne5 Bxe2
9.Nxe2 Be7 10.c3 O-O 11.Qb3 Qb6 12.Bg5 h6 13.Bxf6 Bxf6 14.f4 Rd8 15.Ng4  1/2-1/2

[Event "BL2-S9495"]
[Site "Germany"]
[Date "1995.??.??"]
[Round "?"]
[White "Zuse, Klaus Peter"]
[Black "Beikert, Guenther"]
[Result "1/2-1/2"]
[WhiteElo "2240"]
[BlackElo "2420"]

1.e4 d6 2.d4 Nf6 3.Nc3 e5 4.dxe5 dxe5 5.Qxd8+ Kxd8 6.f4 Bb4 7.Bd3 Re8 8.fxe5 Nxe4
9.Bxe4 Bxc3+ 10.bxc3 Rxe5 11.Bg5+ Rxg5 12.Nf3 Rc5 13.O-O-O+ Nd7 14.Bxh7 a5
15.h4 Ra6 16.Ng5 f6 17.Ne4 Re5 18.h5 f5 19.Ng5 Ke7 20.Nf3 Rc5 21.Rhe1+ Re6
22.Nd4 Ree5 23.Bxf5 Nb6 24.Bxc8 Nxc8 25.g4 Nd6 26.Nb3 Rd5 27.Rxe5+ Rxe5 28.Rd4 b6
29.Nd2 Re1+ 30.Kb2 c5 31.Rf4 b5 32.a4 bxa4 33.Rxa4 Rg1 34.Nf3 Rg3 35.Rf4 Ke6
36.Kb3 Rg2 37.g5 Nf7 38.Re4+ Kd6 39.g6 Ng5 40.Re3 Nxf3 41.Rxf3 Rg5 42.Rf7 Rxh5
43.Rxg7 Rg5 44.Ra7 Kc6 45.g7 Kb6 46.Rf7 Rg4 47.c4 Rg1 48.Rf6+ Kb7 49.Rf7+ Kb6
50.Re7 Ka6 51.Re6+  1/2-1/2